000 00492nam a2200181Ia 4500
005 20250508150932.0
008 008 250505s9999 xx 000 0 eng d
037 _aTextual
040 _aFEDL
_beng
_cFEDL
041 _aeng
_2eng
084 _a362.7, CHE
_qFEDL
100 _aChesser Eustace
_9282967
245 0 _aCurelty to children
260 _aLondon, UK
_bVictor Gollancz Limited
_c1951
300 _a159p.
942 _cTEXL
_h362.7, CHE
999 _c1326584
_d1326584